000 00399nam a22001697a 4500
003 OSt
005 20260320111226.0
008 260320b |||||||| |||| 00| 0 Pun d
020 _a9788119838158
040 _cBGL
100 _aਕੇਸਰਾ ਰਾਮ
245 _aਗੁੱਡੋ
260 _aNew Delhi
_bNavyog Publishers
_c2024
300 _a218p
650 _aPunjabi
942 _2ddc
_cGB
999 _c44313
_d44313